00401 a2200145 4500003000400000005001700004008004100021020001800062040000900080082002000089100001800109245007300127260004100200300001400241OSt20260310124055.0260310b |||||||| |||| 00| 0 eng d a9789392377464 coclc a658.4092bRAO/W aRao, Sudhakar aWise Views: Lessons from the Game Changers /cSudhakar Rao, R Prasad aTelangana:bIUP Publications,c2021. a322 pages